[Event "TURNIEJ O PUCHAR UKS PALAC MLODZIEZY KATOWICE Z OKAZJI DNIA NIEPODLEGLOSCI"]
[Site "Centrum Kongresow i Rekreacji Orle Gniazdo ul. Wrzosowa 28a, Szczyrk"]
[Date "1899-12-30"]
[Round "5.46"]
[White "Luka, Agnieszka"]
[Black "Jedras, Adrianna"]
[Result "1-0"]
[WhiteTitle "II"]
[BlackTitle "I"]
[WhiteElo "1344"]
[BlackElo "1101"]

1. d4 Nf6 2. c4 e6 3. Nc3 b6 4. Nf3 Bb7 5. Bg5 Be7 6. e3 h6 7. Bf4 d6 8. Bd3 Nbd7
9. h3 Nh5 10. Bh2 Nhf6 11. O-O O-O 12. Qc2 d5 13. cxd5 exd5 14. Nb5 a6 15. Nc3
Rc8 16. a3 Re8 17. b4 Bf8 18. Rfc1 Ne4 19. Bxe4 dxe4 20. Ne5 Nxe5 21. Bxe5 Bd6
22. Bxd6 cxd6 23. Qb3 d5 24. Ne2 Kh8 25. Nf4 Rxc1+ 26. Rxc1 g5 27. Ne2 Qd7 28.
Rc3 Rc8 29. Qc2 Rxc3 30. Qxc3 Qc6 31. Qxc6 Bxc6 32. Nc3 b5 33. Na2 f5 34. Nc1
Kg7 35. g3 Kf6 36. Nb3 Ke6 37. Nc5+ Kd6 38. Nxa6 h5 39. Nc5 g4 40. hxg4 hxg4 41.
Kf1 Be8 42. Ke2 Bc6 43. Kd2 Be8 44. Kc3 Bc6 45. Kb3 Be8 46. Nb7+ Bc6 1-0

[Event "TURNIEJ O PUCHAR UKS PALAC MLODZIEZY KATOWICE Z OKAZJI DNIA NIEPODLEGLOSCI"]
[Site "Centrum Kongresow i Rekreacji Orle Gniazdo ul. Wrzosowa 28a, Szczyrk"]
[Date "1899-12-30"]
[Round "5.47"]
[White "Skrzypczynski, Kacper"]
[Black "Macura, Krzysztof"]
[Result "1-0"]
[WhiteTitle "II"]
[BlackTitle "IV"]
[WhiteElo "1340"]
[BlackElo "1079"]

1. e4 e5 2. Nf3 d6 3. Nc3 c5 4. d3 Nd7 5. Be3 b6 6. Be2 Ba6 7. Qd2 Qf6 8. Nd5 Qg6
9. Nc7+ Ke7 10. Nxa8 Qxg2 11. Rg1 Qh3 12. O-O-O b5 13. Nc7 Bb7 14. Nd5+ Ke6 15.
Ng5# 1-0

[Event "TURNIEJ O PUCHAR UKS PALAC MLODZIEZY KATOWICE Z OKAZJI DNIA NIEPODLEGLOSCI"]
[Site "Centrum Kongresow i Rekreacji Orle Gniazdo ul. Wrzosowa 28a, Szczyrk"]
[Date "1899-12-30"]
[Round "5.49"]
[White "Klisowski, Bartosz"]
[Black "Sloniewski, Michal"]
[Result "0-1"]
[WhiteTitle "II"]
[BlackTitle "I"]
[WhiteElo "1163"]
[BlackElo "1327"]

1. e4 d5 2. exd5 Nf6 3. Nf3 Nxd5 4. Bc4 Nb6 5. Be2 g6 6. Nc3 Bg7 7. d4 O-O 8. Be3
Nc6 9. Qd2 Bg4 10. h3 Bxf3 11. Bxf3 Nc4 12. Qd3 Nxe3 13. fxe3 e5 14. d5 Ne7 15.
O-O f5 16. Qd2 e4 17. Be2 Qd6 18. Rad1 a6 19. a3 Rad8 20. Bc4 Kh8 21. Rfe1 c6
22. Bb3 cxd5 23. Qe2 d4 24. exd4 Bxd4+ 25. Kh1 Qg3 26. Be6 Be5 27. Kg1 Qh2+ 28.
Kf1 Bg3 29. Rxd8 Qh1# 0-1

[Event "TURNIEJ O PUCHAR UKS PALAC MLODZIEZY KATOWICE Z OKAZJI DNIA NIEPODLEGLOSCI"]
[Site "Centrum Kongresow i Rekreacji Orle Gniazdo ul. Wrzosowa 28a, Szczyrk"]
[Date "1899-12-30"]
[Round "5.50"]
[White "Byra, Aron"]
[Black "Wojtas, Julia"]
[Result "1-0"]
[WhiteTitle "II"]
[BlackTitle "I"]
[WhiteElo "1135"]
[BlackElo "1306"]

1. e4 e5 2. Nf3 Nc6 3. Nc3 Bb4 4. Bb5 Bxc3 5. dxc3 Nf6 6. Bxc6 dxc6 7. Qxd8+ Kxd8
8. Bg5 Bg4 9. Nxe5 Ke8 10. Bxf6 gxf6 11. Nxg4 Ke7 12. O-O Rhg8 13. Ne3 Rg7 14.
Nf5+ Kf8 15. Nxg7 Kxg7 16. Rfe1 Rd8 17. e5 fxe5 18. Rxe5 Rd2 19. h3 Rxc2 20. b4
Rxc3 21. Rd1 Rc4 22. b5 cxb5 23. Rxb5 b6 24. Re5 Rc2 25. Re7 Kf6 26. Rdd7 Rxa2
27. Rxf7+ Ke6 28. Rxc7 Ra1+ 29. Kh2 a5 30. Rxh7 Ra2 31. Rh5 Rxf2 32. Rc6+ Kd7
33. Rg6 Rf7 34. Rxb6 Kc7 35. Ra6 Rd7 36. Ra7+ Kc6 37. Rxd7 Kxd7 38. Rxa5 Ke6 39.
g4 Kf6 40. g5+ Kg6 41. h4 Kf7 42. Ra6 Kg7 43. h5 Kg8 44. h6 Kh7 45. Kg3 Kg8 46.
Ra7 Kh8 47. g6 Kg8 48. g7 Kh7 49. Ra8 Kxh6 50. g8=Q Kh5 51. Ra7 Kh6 52. Rh7# 1-0

[Event "TURNIEJ O PUCHAR UKS PALAC MLODZIEZY KATOWICE Z OKAZJI DNIA NIEPODLEGLOSCI"]
[Site "Centrum Kongresow i Rekreacji Orle Gniazdo ul. Wrzosowa 28a, Szczyrk"]
[Date "1899-12-30"]
[Round "5.51"]
[White "Kietrys, Maciej"]
[Black "Matyszkiewicz, Wiktor"]
[Result "0-1"]
[WhiteTitle "II"]
[BlackTitle "I"]
[WhiteElo "1285"]
[BlackElo "1589"]

1. e4 c5 2. Nc3 Nc6 3. g3 g6 4. Bg2 Bg7 5. d3 d6 6. Be3 Nf6 7. Qd2 O-O 8. f4 e6
9. h3 d5 10. exd5 exd5 11. Bxc5 Re8+ 12. Nce2 b6 13. Bf2 Bb7 14. O-O-O a5 15.
Nd4 Nxd4 16. Bxd4 Bc6 17. Nf3 b5 18. Ne5 Qd6 19. Kb1 b4 20. Rhe1 Rec8 21. Nxc6
Rxc6 22. Be5 Qc5 23. d4 Qb5 24. Bf1 Qb7 25. Re3 Rac8 26. Bd3 a4 27. Rc1 b3 28.
cxb3 Rxc1+ 29. Qxc1 Rxc1+ 30. Kxc1 axb3 31. axb3 Qxb3 32. g4 Ne4 33. Bxg7 Kxg7
34. Rf3 Qa2 35. f5 Qa1+ 36. Kc2 Qg1 37. fxg6 Qg2+ 38. Kb3 Qxf3 39. Kc2 Qf2+ 40.
Kb3 hxg6 41. Bxe4 dxe4 42. d5 Qd4 43. d6 Qxd6 44. Kc3 e3 45. b4 e2 46. h4 Qxb4+
47. Kxb4 e1=Q+ 48. Kc4 Qxh4 49. Kd3 f5 50. gxf5 gxf5 51. Ke3 Kf6 52. Kf3 Ke5 53.
Ke2 Qg3 54. Kf1 Qh2 55. Ke1 Ke4 56. Kf1 Kf3 57. Ke2+ Qxe2 0-1

[Event "TURNIEJ O PUCHAR UKS PALAC MLODZIEZY KATOWICE Z OKAZJI DNIA NIEPODLEGLOSCI"]
[Site "Centrum Kongresow i Rekreacji Orle Gniazdo ul. Wrzosowa 28a, Szczyrk"]
[Date "1899-12-30"]
[Round "5.52"]
[White "Szewc, Dobromila"]
[Black "Kalkowski, Igor"]
[Result "0-1"]
[WhiteTitle "II"]
[BlackTitle "II"]
[WhiteElo "1102"]
[BlackElo "1284"]

1. e4 c5 2. Nf3 g6 3. c4 Nf6 4. d4 Nxe4 5. Qd3 Nf6 6. dxc5 Qa5+ 7. Nc3 Qxc5 8.
Be3 Qc7 9. Qd4 Bg7 10. Qh4 d6 11. Bd4 a6 12. Bd3 Nc6 13. Bxf6 Bxf6 14. Qe4 Bf5
15. Qe3 Bxd3 16. Qxd3 Nb4 17. Qe3 Nc2+ 18. Kf1 Nxe3+ 19. fxe3 Qxc4+ 20. Ke1 Bxc3+
21. bxc3 Qxc3+ 22. Ke2 O-O 23. Rhc1 Qa5 24. Nd4 Rac8 25. Rxc8 Rxc8 26. Nb3 Qe5
27. Rd1 Rc2+ 28. Rd2 Qb2 29. g4 Rxd2+ 30. Nxd2 Qxa2 0-1

[Event "TURNIEJ O PUCHAR UKS PALAC MLODZIEZY KATOWICE Z OKAZJI DNIA NIEPODLEGLOSCI"]
[Site "Centrum Kongresow i Rekreacji Orle Gniazdo ul. Wrzosowa 28a, Szczyrk"]
[Date "1899-12-30"]
[Round "5.53"]
[White "Jordan, Adam"]
[Black "Wasala, Wiktoria"]
[Result "1-0"]
[WhiteTitle "II"]
[BlackTitle "I"]
[WhiteElo "1121"]
[BlackElo "1271"]

1. d4 c5 2. d5 e5 3. c4 d6 4. Nc3 Be7 5. e4 Bg5 6. Bd3 Bxc1 7. Qxc1 Ne7 8. Nge2
f5 9. f3 O-O 10. a3 Qe8 11. Qd2 Bd7 12. b4 cxb4 13. axb4 a6 14. c5 Qg6 15. Nc1
Be8 16. Nb3 f4 17. Na4 Nd7 18. Nc3 Rc8 19. cxd6 Qxd6 20. b5 Qg6 21. bxa6 bxa6
22. Rxa6 Qf7 23. Nb5 Nc5 24. Nxc5 Rxc5 25. Nd6 Qh5 26. Nxe8 Rxe8 27. Qa2 Rc1+
28. Kd2 Rxh1 29. d6+ Rxh2 30. Qxg8 1-0

[Event "TURNIEJ O PUCHAR UKS PALAC MLODZIEZY KATOWICE Z OKAZJI DNIA NIEPODLEGLOSCI"]
[Site "Centrum Kongresow i Rekreacji Orle Gniazdo ul. Wrzosowa 28a, Szczyrk"]
[Date "1899-12-30"]
[Round "5.54"]
[White "Majdecki, Robert"]
[Black "Zerebiec, Maurycy"]
[Result "1-0"]
[WhiteTitle "II"]
[BlackTitle "II"]
[WhiteElo "1589"]
[BlackElo "1248"]

1. d4 Nf6 2. c4 e5 3. d5 Bc5 4. e3 d6 5. Nc3 c6 6. e4 Nbd7 7. Nf3 Nb6 8. b3 Bg4
9. Be2 Bb4 10. Bd2 Bxc3 11. Bxc3 Nxe4 12. Qd3 Nxc3 13. Qxc3 cxd5 14. O-O Rc8 15.
Qe3 Bxf3 16. Qxf3 dxc4 17. bxc4 Qc7 18. Rac1 Qc6 19. Qg3 g6 20. Bf3 Qd7 21. Be2
f5 22. Rfd1 Qe6 23. Qb3 O-O 24. h3 e4 25. f3 exf3 26. Bxf3 Rc5 27. Bd5 Nxd5 28.
cxd5 Qd7 29. Rxc5 dxc5 30. Re1 Rd8 31. d6+ Qxd6 1-0

[Event "TURNIEJ O PUCHAR UKS PALAC MLODZIEZY KATOWICE Z OKAZJI DNIA NIEPODLEGLOSCI"]
[Site "Centrum Kongresow i Rekreacji Orle Gniazdo ul. Wrzosowa 28a, Szczyrk"]
[Date "1899-12-30"]
[Round "5.55"]
[White "Ossolinska, Matylda"]
[Black "Choina, Jan"]
[Result "1-0"]
[WhiteTitle "I"]
[BlackTitle "II"]
[WhiteElo "1460"]
[BlackElo "1238"]

1. e4 c5 2. Nf3 d6 3. d4 cxd4 4. Nxd4 Nf6 5. f3 g6 6. c4 Bg7 7. Nc3 O-O 8. Be3
Nc6 9. Be2 Bd7 10. O-O Rc8 11. Qd2 Ne5 12. b3 a6 13. Rac1 Re8 14. Rfd1 Nc6 15.
Nc2 a5 16. Bf1 Nb4 17. Nxb4 axb4 18. Nd5 Nxd5 19. cxd5 Ra8 20. Qxb4 Rxa2 21. Qxb7
Bc8 22. Qb4 Qd7 23. Bb5 Qb7 24. Qc4 Rd8 25. Ba4 Bd7 26. Bxd7 Qxd7 27. Rc2 Rxc2
28. Qxc2 Rc8 29. Qd3 Qb7 30. h3 Rb8 31. Rb1 Qb4 32. Qd2 Qxd2 33. Bxd2 Bd4+ 34.
Kf1 Kf8 35. Ke2 Ke8 36. Kd3 Bc5 37. b4 Kd7 38. b5 Kc7 39. Ba5+ Bb6 40. Bxb6+ Rxb6
41. Kc4 Kb7 42. Ra1 h5 43. g4 hxg4 44. hxg4 e6 45. f4 exd5+ 46. exd5 f6 47. Re1
Ka7 48. Re7+ Rb7 49. Re6 g5 50. fxg5 fxg5 51. Rxd6 Rc7+ 52. Rc6 Rg7 53. Kc5 Kb7
54. Rb6+ Kc7 55. d6+ Kd7 56. Rb7+ Ke6 57. Rxg7 Ke5 58. d7 Kf4 59. d8=Q Kxg4 60.
Qd4+ Kh3 61. Rxg5 Kh2 62. Qh4# 1-0

[Event "TURNIEJ O PUCHAR UKS PALAC MLODZIEZY KATOWICE Z OKAZJI DNIA NIEPODLEGLOSCI"]
[Site "Centrum Kongresow i Rekreacji Orle Gniazdo ul. Wrzosowa 28a, Szczyrk"]
[Date "1899-12-30"]
[Round "5.56"]
[White "Oklinski, Franciszek"]
[Black "Guzik, Michal"]
[Result "0-1"]
[WhiteTitle "III"]
[BlackTitle "II"]
[WhiteElo "1123"]
[BlackElo "1298"]

1. d4 c5 2. dxc5 Qa5+ 3. Nc3 Qxc5 4. Nf3 Nf6 5. Be3 Qc7 6. Bc1 g6 7. e4 d6 8. Bd3
Nc6 9. Be3 Bg7 10. Qd2 Bd7 11. O-O O-O 12. Nd5 Nxd5 13. exd5 Ne5 14. Nxe5 dxe5
15. c4 e6 16. Be2 exd5 17. cxd5 Rad8 18. d6 Qb8 19. Rac1 Be6 20. b3 Rxd6 21. Qc3
Rc8 22. Qb4 Rxc1 23. Rxc1 Qd8 24. Qxb7 Bd5 25. Qxa7 Rd7 26. Qc5 f5 27. Bc4 Bxc4
28. Qxc4+ Kh8 29. Qc8 Qxc8 30. Rxc8+ Bf8 31. h3 Kg7 32. a4 Rb7 33. Bg5 h6 0-1

[Event "TURNIEJ O PUCHAR UKS PALAC MLODZIEZY KATOWICE Z OKAZJI DNIA NIEPODLEGLOSCI"]
[Site "Centrum Kongresow i Rekreacji Orle Gniazdo ul. Wrzosowa 28a, Szczyrk"]
[Date "1899-12-30"]
[Round "5.58"]
[White "Kazmierowski, Tymon"]
[Black "Kosztyla, Mateusz"]
[Result "1-0"]
[WhiteTitle "II"]
[BlackTitle "II"]
[WhiteElo "1133"]
[BlackElo "1288"]

1. e4 e5 2. Nf3 Nc6 3. Bc4 Bc5 4. c3 Nf6 5. d4 Bb6 6. dxe5 Nxe4 7. Qd5 O-O 8. Qxe4
d6 9. exd6 Re8 10. Qxe8+ Qxe8+ 11. Be3 Bxe3 12. fxe3 Qxe3+ 13. Be2 cxd6 14. Nbd2
Bg4 15. h3 Re8 16. Kd1 Qxe2+ 17. Kc2 Bf5+ 18. Kb3 Qb5+ 19. Ka3 Bc2 20. b3 Ne5
21. Kb2 Nxf3 22. Nxf3 Qe2 23. Nd4 Bg6+ 24. Nxe2 Rxe2+ 25. Ka3 Rxg2 26. Rhe1 h6
1-0

[Event "TURNIEJ O PUCHAR UKS PALAC MLODZIEZY KATOWICE Z OKAZJI DNIA NIEPODLEGLOSCI"]
[Site "Centrum Kongresow i Rekreacji Orle Gniazdo ul. Wrzosowa 28a, Szczyrk"]
[Date "1899-12-30"]
[Round "5.59"]
[White "Tomkiewicz, Szymon"]
[Black "Karut, Kacper"]
[Result "1-0"]
[WhiteTitle "II"]
[BlackTitle "II"]
[WhiteElo "1276"]
[BlackElo "1129"]

1. c4 Nf6 2. Nc3 g6 3. g3 Bg7 4. Bg2 O-O 5. e3 d6 6. d3 e5 7. Nge2 Nbd7 8. O-O
c6 9. Rb1 Qc7 10. b4 Re8 11. a4 a6 12. b5 axb5 13. axb5 cxb5 14. Nxb5 Qc5 15.
e4 Nb6 16. Be3 Qc6 17. f4 Bg4 18. fxe5 dxe5 19. Nbc3 Nbd7 20. Nd5 Nxd5 21. exd5
Qc7 22. d6 Qxd6 23. Rxb7 Nc5 24. Bxc5 Qxc5+ 25. Kh1 Rad8 26. Rfxf7 Bf8 27. Rxh7
Qa5 28. Bd5+ Be6 29. Bxe6+ Rxe6 30. Rb5 Qa8+ 31. Kg1 1-0

[Event "TURNIEJ O PUCHAR UKS PALAC MLODZIEZY KATOWICE Z OKAZJI DNIA NIEPODLEGLOSCI"]
[Site "Centrum Kongresow i Rekreacji Orle Gniazdo ul. Wrzosowa 28a, Szczyrk"]
[Date "1899-12-30"]
[Round "5.60"]
[White "Wawro, Kacper"]
[Black "Klok, Kacper"]
[Result "0-1"]
[WhiteTitle "III"]
[BlackTitle "II"]
[WhiteElo "1223"]
[BlackElo "1489"]

1. e4 c5 2. Nf3 d6 3. d4 cxd4 4. Nxd4 e5 5. Nb3 Nf6 6. Nc3 a6 7. Bd3 Be6 8. Be3
Be7 9. Qd2 Nc6 10. f3 Nh5 11. g4 Bh4+ 12. Kd1 Nf6 13. Qg2 g5 14. Bxg5 Bxg5 15.
h4 Bf4 16. g5 Nh5 17. Ne2 Rg8 18. Ng1 Ng3 19. Nh3 Nxh1 20. Qxh1 Bxh3 21. Qxh3
Qc8 22. Qg2 h6 23. g6 Rxg6 24. Qf2 Qc7 25. Ke2 O-O-O 26. Rg1 Rxg1 27. Qxg1 Qe7
28. h5 Qg5 29. Qxg5 Bxg5 30. Nd2 Nd4+ 31. Kd1 Bxd2 32. Kxd2 Nxf3+ 33. Ke3 Nd4
34. c3 Ne6 35. Bc4 b5 36. Bb3 Ng5 37. a4 Kc7 38. axb5 axb5 39. Bc2 Kb6 40. b4
Rc8 41. Kd3 Nf3 42. Bd1 Ne1+ 43. Ke2 Ng2 44. Kf2 Nf4 0-1

[Event "TURNIEJ O PUCHAR UKS PALAC MLODZIEZY KATOWICE Z OKAZJI DNIA NIEPODLEGLOSCI"]
[Site "Centrum Kongresow i Rekreacji Orle Gniazdo ul. Wrzosowa 28a, Szczyrk"]
[Date "1899-12-30"]
[Round "5.61"]
[White "Surpeta, Julia"]
[Black "Martyniak, Milosz"]
[Result "1-0"]
[WhiteTitle "I"]
[BlackTitle "II"]
[WhiteElo "1349"]
[BlackElo "1064"]

1. d4 d5 2. Nc3 e6 3. e4 Nf6 4. e5 Nfd7 5. f4 c5 6. Be3 cxd4 7. Bxd4 Nc6 8. Be3
a6 9. Nf3 b5 10. a3 Be7 11. Be2 O-O 12. O-O Bb7 13. Kh1 Qc7 14. Qd2 Rad8 15. Rad1
Nb6 16. Qc1 Nc4 17. Bxc4 bxc4 18. b3 cxb3 19. cxb3 Rd7 20. Nd4 Nxd4 21. Bxd4 Bc5
22. Bxc5 Qxc5 23. Ne2 Qb5 24. Qb2 Rfd8 25. Nd4 Qb6 26. f5 exf5 27. Nxf5 Qg6 28.
Qd4 Qe6 29. Nd6 Bc6 30. a4 Ra8 31. Qf4 Rf8 1-0

[Event "TURNIEJ O PUCHAR UKS PALAC MLODZIEZY KATOWICE Z OKAZJI DNIA NIEPODLEGLOSCI"]
[Site "Centrum Kongresow i Rekreacji Orle Gniazdo ul. Wrzosowa 28a, Szczyrk"]
[Date "1899-12-30"]
[Round "5.63"]
[White "Skrzypczynski, Dariusz"]
[Black "Kubaszewski, Piotr"]
[Result "0-1"]
[WhiteTitle "II"]
[BlackTitle "III"]
[WhiteElo "1254"]
[BlackElo "1044"]

1. e4 e5 2. Nf3 Nc6 3. d4 exd4 4. Nxd4 Bc5 5. Nxc6 bxc6 6. Qg4 Qf6 7. f3 d5 8.
Nc3 Bxg4 9. fxg4 Qf2+ 10. Kd1 Bb4 11. Ne2 Qe1# 0-1

[Event "TURNIEJ O PUCHAR UKS PALAC MLODZIEZY KATOWICE Z OKAZJI DNIA NIEPODLEGLOSCI"]
[Site "Centrum Kongresow i Rekreacji Orle Gniazdo ul. Wrzosowa 28a, Szczyrk"]
[Date "1899-12-30"]
[Round "5.64"]
[White "Rylski, Tadeusz"]
[Black "Mytnik, Kinga"]
[Result "0-1"]
[WhiteTitle "II"]
[BlackTitle "I"]
[WhiteElo "1066"]
[BlackElo "1241"]

1. e4 e5 2. Nf3 Nf6 3. Nxe5 d6 4. Nf3 Nxe4 5. Bd3 Nf6 6. Qe2+ Be7 7. Nc3 Bg4 8.
h3 Bh5 9. O-O Nc6 10. b3 Ne5 11. g4 Nfxg4 12. hxg4 Bxg4 13. Be4 c6 14. Qe3 d5
15. Bxd5 cxd5 16. Nxe5 Be6 17. Bb2 h5 18. Nf3 h4 19. Nb5 Rh6 20. Bxg7 Rg6+ 21.
Kh2 Bd6+ 22. Nxd6+ Qxd6+ 23. Be5 Qe7 24. Qf4 h3 25. Rg1 Rxg1 26. Rxg1 Qf8 27.
Bd6 Qh8 28. Qg5 Kd7 29. Qe7+ Kc6 30. Ne5+ Kb5 31. c4+ dxc4 32. a4+ Ka6 33. Nxc4
Rg8 0-1

[Event "TURNIEJ O PUCHAR UKS PALAC MLODZIEZY KATOWICE Z OKAZJI DNIA NIEPODLEGLOSCI"]
[Site "Centrum Kongresow i Rekreacji Orle Gniazdo ul. Wrzosowa 28a, Szczyrk"]
[Date "1899-12-30"]
[Round "6.1"]
[White "Rozycki, Bartlomiej"]
[Black "Warakomski, Tomasz"]
[Result "0-1"]
[WhiteTitle "k++"]
[BlackTitle "IM"]
[WhiteElo "2061"]
[BlackElo "2485"]

1. e4 c5 2. Nf3 e6 3. d4 cxd4 4. Nxd4 Nc6 5. Nc3 Qc7 6. Be3 Nf6 7. f3 a6 8. Qd2
Be7 9. O-O-O O-O 10. g4 Nxd4 11. Qxd4 d6 12. g5 Nd7 13. f4 b5 14. f5 Bb7 15. f6
gxf6 16. gxf6 Bxf6 17. Rg1+ Kh8 18. Qxd6 Qxd6 19. Rxd6 Rad8 20. Be2 Be5 21. Rd2
Nf6 22. Bh6 Ng8 23. Bxf8 Rxf8 24. Rd7 Bc6 25. Rd3 b4 26. Nd1 Bxe4 27. Rd7 Bxh2
28. Rf1 Bg6 29. Bxa6 Be5 30. Bd3 Nf6 31. Bxg6 Nxd7 32. Rxf7 hxg6 33. Rxd7 Bf4+
34. Kb1 g5 35. a4 bxa3 36. bxa3 g4 37. Rd4 e5 38. Rd6 g3 39. Rg6 Rg8 40. Rxg8+
Kxg8 41. Nc3 g2 42. Ne2 Be3 43. c4 g1=R+ 44. Nxg1 Bxg1 45. Kc2 Kf7 46. Kd3 Ke6
47. Ke4 Bc5 48. a4 Bb6 49. Kd3 Kf5 50. Kc3 e4 51. Kb4 e3 52. Kc3 Ke4 53. Kc2 Kf3
0-1

[Event "TURNIEJ O PUCHAR UKS PALAC MLODZIEZY KATOWICE Z OKAZJI DNIA NIEPODLEGLOSCI"]
[Site "Centrum Kongresow i Rekreacji Orle Gniazdo ul. Wrzosowa 28a, Szczyrk"]
[Date "1899-12-30"]
[Round "6.2"]
[White "Kowalczyk, Rafal"]
[Black "Goluch, Piotr"]
[Result "0-1"]
[WhiteTitle "k+"]
[BlackTitle "FM"]
[WhiteElo "2271"]
[BlackElo "2264"]

1. e4 c6 2. d4 d5 3. Nc3 dxe4 4. Nxe4 Bf5 5. Ng3 Bg6 6. N1e2 e6 7. Nf4 Bd6 8. Ngh5
Kf8 9. Bc4 Nf6 10. Be3 Nxh5 11. Nxh5 Qa5+ 12. c3 Qxh5 13. Qb3 b5 14. Be2 Qd5 15.
Qd1 Nd7 16. a4 a6 17. axb5 cxb5 18. b3 Ke7 19. O-O Rhc8 20. c4 bxc4 21. bxc4 Rxc4
22. Bxc4 Qxc4 23. Qf3 Qd5 24. Qe2 a5 25. Bc1 Qb3 26. f4 Bd3 27. Qf3 Rb8 28. Re1
Bc4 29. Qe4 Nf6 30. Qc6 Qb5 31. Qxb5 Rxb5 32. h3 Bb3 33. g4 a4 34. f5 Kd7 35.
fxe6+ fxe6 36. Ba3 Bxa3 37. Rxa3 Rb4 38. g5 Nd5 39. Rf1 Ke7 40. Raa1 Rxd4 41.
Rae1 a3 42. Rf3 Rb4 43. Ref1 a2 44. Rf7+ Kd6 45. Rxg7 Bc2 46. Ra7 Nc3 47. Kf2
Rb1 48. h4 Rxf1+ 49. Kxf1 Ba4 0-1

[Event "TURNIEJ O PUCHAR UKS PALAC MLODZIEZY KATOWICE Z OKAZJI DNIA NIEPODLEGLOSCI"]
[Site "Centrum Kongresow i Rekreacji Orle Gniazdo ul. Wrzosowa 28a, Szczyrk"]
[Date "1899-12-30"]
[Round "6.3"]
[White "Mroziak, Maciej"]
[Black "Banasik, Henryk"]
[Result "1-0"]
[WhiteTitle "m"]
[BlackTitle "k"]
[WhiteElo "2207"]
[BlackElo "1805"]

1. e4 e5 2. d4 exd4 3. Nf3 Nc6 4. Nxd4 Nf6 5. Nxc6 bxc6 6. e5 Qe7 7. Qe2 Nd5 8.
c4 Nb6 9. Nc3 Qe6 10. g3 g6 11. b3 Bg7 12. f4 d6 13. Bg2 Bb7 14. Bb2 dxe5 15.
Ne4 Nd7 16. O-O-O O-O-O 17. Rhe1 Rhe8 18. fxe5 Nxe5 19. Kb1 Rxd1+ 20. Rxd1 f5
21. Nc5 Qe7 22. Nxb7 Kxb7 23. c5 Nd7 24. Qb5+ Kc8 25. Bxc6 Nxc5 1-0

[Event "TURNIEJ O PUCHAR UKS PALAC MLODZIEZY KATOWICE Z OKAZJI DNIA NIEPODLEGLOSCI"]
[Site "Centrum Kongresow i Rekreacji Orle Gniazdo ul. Wrzosowa 28a, Szczyrk"]
[Date "1899-12-30"]
[Round "6.4"]
[White "Polczyk, Mikolaj"]
[Black "Szymczak, Zbigniew"]
[Result "0-1"]
[WhiteTitle "I"]
[BlackTitle "IM"]
[WhiteElo "1772"]
[BlackElo "2190"]

1. e4 c5 2. Nf3 e6 3. d4 cxd4 4. Nxd4 a6 5. Nc3 b5 6. Bd3 Qb6 7. Nb3 Qc7 8. O-O
Nf6 9. Qe2 d6 10. Be3 Bb7 11. f3 Nbd7 12. a4 b4 13. Na2 d5 14. exd5 Nxd5 15. c3
bxc3 16. Rac1 Bd6 17. Nxc3 Nxe3 18. Qxe3 Bf4 19. Qe2 Bxc1 20. Rxc1 Qb6+ 0-1

[Event "TURNIEJ O PUCHAR UKS PALAC MLODZIEZY KATOWICE Z OKAZJI DNIA NIEPODLEGLOSCI"]
[Site "Centrum Kongresow i Rekreacji Orle Gniazdo ul. Wrzosowa 28a, Szczyrk"]
[Date "1899-12-30"]
[Round "6.5"]
[White "Markiewicz, Jerzy"]
[Black "Kaminski, Maciej"]
[Result "1-0"]
[WhiteTitle "FM"]
[BlackTitle "I"]
[WhiteElo "2175"]
[BlackElo "1769"]

1. e4 d5 2. exd5 Qxd5 3. Nc3 Qa5 4. d4 Nf6 5. Nf3 Nc6 6. Bb5 Ne4 7. Bxc6+ bxc6
8. Bd2 Nxc3 9. Bxc3 Qd5 10. O-O Bg4 11. h3 Bxf3 12. Qxf3 e6 13. Qe2 a6 14. b3
Bd6 15. Rad1 O-O 16. Bb2 Qg5 17. Qe4 Qf4 18. Qxf4 Bxf4 19. Rd3 Rfd8 20. Rfd1 Bg5
21. Rc3 e5 22. Rxc6 exd4 23. Rxd4 Re8 24. Rd1 Bf4 25. Kf1 Bd6 26. Bd4 Rac8 27.
Rxa6 Bf4 28. Rc6 Rcd8 29. c3 Ra8 30. a4 Rab8 31. b4 Ra8 32. a5 Rad8 33. a6 Be5
34. a7 Ra8 35. Bxe5 Rxe5 36. Ra1 Ree8 37. Rxc7 g6 38. b5 Rad8 39. b6 1-0

[Event "TURNIEJ O PUCHAR UKS PALAC MLODZIEZY KATOWICE Z OKAZJI DNIA NIEPODLEGLOSCI"]
[Site "Centrum Kongresow i Rekreacji Orle Gniazdo ul. Wrzosowa 28a, Szczyrk"]
[Date "1899-12-30"]
[Round "6.6"]
[White "Rak, Maciej"]
[Black "Urbanski, Grzegorz"]
[Result "0-1"]
[WhiteTitle "II+"]
[BlackTitle "k"]
[WhiteElo "1748"]
[BlackElo "2164"]

1. f4 d5 2. Nf3 Bg4 3. b3 Nf6 4. e3 Nbd7 5. Bb2 g6 6. Be2 Bg7 7. O-O O-O 8. Ne5
Bxe2 9. Qxe2 e6 10. d4 Ne4 11. Nxd7 Qxd7 12. Nd2 f5 13. Nxe4 fxe4 14. c4 c6 15.
c5 h6 16. Kh1 Kh7 17. b4 a6 18. a4 Qe7 19. b5 g5 20. g3 gxf4 21. gxf4 Qh4 22.
Rg1 Rg8 23. Bc3 axb5 24. axb5 Rxa1 25. Rxa1 cxb5 26. Rb1 Bf6 27. Rxb5 Rg7 28.
Rb1 Bd8 29. Rg1 Qe7 30. Rxg7+ Qxg7 31. Qb5 Qf7 32. Kg2 h5 33. Be1 h4 34. c6 bxc6
35. Qxc6 Kh6 36. Qd6 Bf6 37. Qb8 Kh5 38. Qd6 Qg8+ 39. Kf1 h3 40. Bg3 Qg4 41. Qf8
Qd1+ 42. Kf2 Qd2+ 43. Kf1 Kg4 44. Qf7 Qd1+ 45. Kf2 Qf3+ 46. Ke1 Qh1+ 47. Ke2 Qf3+
48. Kd2 Qg2+ 49. Ke1 Qg1+ 50. Ke2 Qg2+ 51. Ke1 Kf3 52. Qh5+ Kxe3 53. Kd1 Qd2#
0-1

[Event "TURNIEJ O PUCHAR UKS PALAC MLODZIEZY KATOWICE Z OKAZJI DNIA NIEPODLEGLOSCI"]
[Site "Centrum Kongresow i Rekreacji Orle Gniazdo ul. Wrzosowa 28a, Szczyrk"]
[Date "1899-12-30"]
[Round "6.7"]
[White "Turlej, Lukasz"]
[Black "Miasik, Adrian"]
[Result "0-1"]
[WhiteTitle "k"]
[BlackTitle "I"]
[WhiteElo "2090"]
[BlackElo "1732"]

1. d4 d5 2. c4 e6 3. Nc3 c5 4. cxd5 exd5 5. Nf3 Nc6 6. Bf4 Nf6 7. e3 c4 8. Be2
Bb4 9. O-O Bxc3 10. bxc3 Ne4 11. Qc2 Bf5 12. Qb2 Qe7 13. Nd2 O-O 14. Bf3 b6 15.
Rfe1 Rfe8 16. Bxe4 Bxe4 17. f3 Bd3 18. e4 Qd7 19. Qb5 dxe4 20. Nxe4 Ne5 21. a4
Qxb5 22. axb5 Ng6 23. Bc7 Rec8 24. Bg3 Rd8 25. Ra2 Ne7 26. Rea1 Rd7 27. Kf2 Nd5
28. Ra3 Bxe4 29. fxe4 Nf6 30. Ke3 Re8 31. e5 Nd5+ 32. Kd2 Ra8 33. Ra4 Rc7 34.
e6 Rb7 35. Re1 fxe6 36. Rxe6 Nf6 37. Rxc4 Kf7 38. Rcc6 a6 39. Rxb6 Rxb6 40. Rxb6
axb5 41. Rxb5 Ra2+ 42. Kd3 Rxg2 43. c4 Ra2 44. c5 Ke6 45. Rb7 Kd5 46. Be5 Ra3+
47. Ke2 Ra2+ 48. Kf3 Ra3+ 49. Kf4 Nh5+ 50. Kg5 Nf6 51. Rxg7 Ne4+ 52. Kh6 Rh3#
0-1

[Event "TURNIEJ O PUCHAR UKS PALAC MLODZIEZY KATOWICE Z OKAZJI DNIA NIEPODLEGLOSCI"]
[Site "Centrum Kongresow i Rekreacji Orle Gniazdo ul. Wrzosowa 28a, Szczyrk"]
[Date "1899-12-30"]
[Round "6.8"]
[White "Tylenda, Krzysztof"]
[Black "Prohorov, Olexandr"]
[Result "0-1"]
[WhiteTitle "I"]
[BlackTitle "k"]
[WhiteElo "1688"]
[BlackElo "2074"]

1. e4 c5 2. Nc3 Nc6 3. g3 g6 4. Bg2 Bg7 5. d3 e6 6. Be3 Nge7 7. Qd2 Nd4 8. Nd1
d6 9. c3 Ndc6 10. Bh6 Bxh6 11. Qxh6 Ne5 12. d4 cxd4 13. cxd4 Nd3+ 14. Ke2 Nb4
15. Ne3 Bd7 16. Qg7 Rg8 17. Qxh7 Bb5+ 18. Kf3 f5 19. exf5 exf5 20. Bf1 Bc6+ 21.
d5 Nbxd5 22. Ke2 Nxe3 23. fxe3 Bxh1 24. Rd1 Qd7 25. Rc1 Rc8 26. Rxc8+ Qxc8 27.
Nf3 Bxf3+ 28. Kxf3 Qc6+ 29. Kf4 g5# 30. Qh5+ 0-1

[Event "TURNIEJ O PUCHAR UKS PALAC MLODZIEZY KATOWICE Z OKAZJI DNIA NIEPODLEGLOSCI"]
[Site "Centrum Kongresow i Rekreacji Orle Gniazdo ul. Wrzosowa 28a, Szczyrk"]
[Date "1899-12-30"]
[Round "6.9"]
[White "Marczak, Szymon"]
[Black "Wacior, Maciej"]
[Result "1/2-1/2"]
[WhiteTitle "I"]
[BlackTitle "I++"]
[WhiteElo "1578"]
[BlackElo "1960"]

1. e4 c6 2. c4 d5 3. exd5 cxd5 4. cxd5 Nf6 5. Bb5+ Bd7 6. Bc4 g6 7. Nc3 Bg7 8.
Nf3 O-O 9. O-O Na6 10. d4 Qb6 11. Qb3 Rac8 12. Qxb6 axb6 13. Bb3 Bf5 14. Bf4 Rfd8
15. Rfe1 Nb4 16. Nh4 Nd3 17. Nxf5 gxf5 18. Rxe7 Nxf4 19. d6 Rxd6 20. Rxf7 Kh8
21. Re1 Rd7 22. Rxd7 Nxd7 23. g3 Nd3 24. Re3 Nxb2 25. Be6 Rd8 26. Bxd7 Bxd4 27.
Re7 Bxc3 28. Bxf5 Bg7 29. Rxb7 Nd1 30. Rxb6 Nxf2 31. Rb7 Nd1 32. a4 Bd4+ 33. Kh1
Ne3 34. Be4 Bg7 35. h4 Nc4 36. Rc7 Nd6 37. Bc2 Rc8 38. Rxc8+ Nxc8 39. a5 h6 40.
Kg2 Na7 41. a6 Bf6 42. Kf3 Kg7 43. Kg4 Be5 44. Kf3 Bd6 45. g4 Be7 46. h5 Kf6 47.
Ke4 Kg5 48. Bd1 Bc5 49. Kd5 Bf2 50. Kd6 Nb5+ 51. Kc6 Nd4+ 52. Kb7 Ne6 53. a7 Nd8+
54. Kc8 Bxa7 55. Kxd8 Bd4 1/2-1/2